MARC

LEADER 00000nam0a2200000 4500
001 682275
005 20251014111410.0
090 |a 682275 
100 |a 20251014d1977 k||y0rusy50 ca 
101 0 |a rus 
102 |a RU 
105 |a a z 001yy 
181 0 |a i   |b  e  
182 0 |a n 
183 0 |a nc  |2 RDAcarrier 
200 1 |a Щелочные амфиболы редкометальных гранитоидов  |f отв. ред. Е. К. Васильев  |g Институт геохимии им. А. П. Виноградова СО АН СССР 
203 |a Текст  |b визуальный  |c непосредственный 
210 |a Новосибирск  |c Наука  |d 1977 
215 |a 232 с.  |c ил. 
283 |a volume  |2 RDAcarrier 
320 |a Литература: с. 216-227 
606 |a Амфиболы  |x Минералогия  |9 85888 
606 |a Гранитоиды  |x Минералогический состав  |9 35938 
610 1 |a химический состав 
610 1 |a щелочные амфиболы 
610 1 |a щелочные гранитоиды 
610 1 |a ИК-спектры 
610 1 |a изоморфные серии 
675 |a 549.64  |v 4 
675 |a 552.321.1/.3  |v 4 
702 1 |4 340  |a Васильев  |b Е. К. 
712 0 2 |a Академия наук СССР  |b Сибирское отделение  |b Институт геохимии  |c (Новосибирск)  |4 570  |9 25547 
801 0 |a RU  |b 63413507  |c 20251014 
830 |a Ретро2025Каталогизация Мотырева 
850 |a 63413507 
942 |c BK